00811nam a2200217Ia 450000100060000000800390000602000220004508200100006710000460007724501100012325000120023326000480024530000180029365300220031165300260033365300190035985600370037894200120041595201490042799900170057663527190723n2017 ii |||gr||||Z||||||465 a978-81-208-2972-5 a181.4 aBhattacharyya, Krishnachandra ,eAuthor., 0aStudies in Philosophy :bVols 1 & 11 Bound in One /cBy Krishnachandra Bhattacharyya .hTextual Documents aist ed. aDelhibMotilal Banarsidass Publishersc2017 apg731:c19cm. aIndian Philosophy aStudies in Philosophy aPG- Philosophy uEdited by Gopinath Bhattacharyya 2ddccBK 001040708General aSKBLbSKBLcPG- Philosophyd2019-07-23f00000g1495.00l0o181.4 Bh 469 Stp736/cur2024-01-14 00:00:00t1w2019-07-23yBK c64629d64629